Christian religious education book 3 / (Record no. 854)
| 000 -LEADER | |
|---|---|
| fixed length control field | 00944nam a22002057a 4500 |
| 003 - CONTROL NUMBER IDENTIFIER | |
| control field | OSt |
| 005 - DATE AND TIME OF LATEST TRANSACTION | |
| control field | 20140116120840.0 |
| 008 - FIXED-LENGTH DATA ELEMENTS--GENERAL INFORMATION | |
| fixed length control field | 120109t xxu||||| |||| 00| 0 eng d |
| 020 ## - INTERNATIONAL STANDARD BOOK NUMBER | |
| International Standard Book Number | 9966496025 |
| 040 ## - CATALOGING SOURCE | |
| Language of cataloging | English |
| 050 ## - LIBRARY OF CONGRESS CALL NUMBER | |
| Classification number | BV1470.G76 1988 |
| 100 ## - MAIN ENTRY--PERSONAL NAME | |
| Personal name | Groenewegen, T. |
| 245 ## - TITLE STATEMENT | |
| Title | Christian religious education book 3 / |
| Statement of responsibility, etc | T, Groenewegen and R, Githige |
| 260 ## - PUBLICATION, DISTRIBUTION, ETC. (IMPRINT) | |
| Place of publication, distribution, etc | Nairobi, Kenya |
| Name of publisher, distributor, etc | longhorn Kenya |
| Date of publication, distribution, etc | 1988 |
| 300 ## - PHYSICAL DESCRIPTION | |
| Extent | 231pgs. |
| Other physical details | ill. |
| 505 ## - FORMATTED CONTENTS NOTE | |
| Formatted contents note | Creation and the fall of man---selected themes in the teachings of the prophets---the relationship between the old and the new testament---the traditional african world-the african world view---life and its perpetuation---the african community---God, Worship, Spirits and Ancestors---the unity of the believers in christ---responsibility for others---the lords supper---the gifts of the spirit---the resurrection. |
| 650 ## - SUBJECT ADDED ENTRY--TOPICAL TERM | |
| Topical term or geographic name as entry element | christianity |
| 700 ## - ADDED ENTRY--PERSONAL NAME | |
| Personal name | Githige,R. |
| 942 ## - ADDED ENTRY ELEMENTS (KOHA) | |
| Source of classification or shelving scheme | |
| Koha item type | Book |
| Withdrawn status | Lost status | Source of classification or shelving scheme | Damaged status | Not for loan | Home library | Current library | Date acquired | Total Checkouts | Full call number | Barcode | Date last seen | Date checked out | Copy number | Price effective from | Koha item type |
|---|---|---|---|---|---|---|---|---|---|---|---|---|---|---|---|
| Riara University Library | Riara University Library | 09/01/2012 | 1 | BV1470.G76 1988 | 3179/11 | 29/08/2013 | 24/08/2013 | C.1 | 09/01/2012 | Book | |||||
| Riara University Library | Riara University Library | 09/01/2012 | 4 | BV1470.G76 1988 | 3180/11 | 07/12/2016 | 07/12/2016 | C.2 | 09/01/2012 | Book | |||||
| Riara University Library | Riara University Library | 09/01/2012 | 3 | BV1470.G76 1988 | 3181/11 | 02/05/2018 | 06/02/2017 | C.3 | 09/01/2012 | Book |
